[Event "30/move"]
[Site "?"]
[Date "2006.03.31"]
[Round "16"]
[White "Mephisto Miami"]
[Black "Mephisto Milano"]
[Result "1/2-1/2"]
[WhiteElo "1966"]
[BlackElo "2010"]
[PlyCount "116"]
[EventDate "2006.03.31"]
[EventType "tourn (rapid)"]
[EventRounds "20"]
[EventCountry "NED"]
[SourceDate "2006.03.12"]

1. e4 e5 2. Nf3 Nf6 3. d4 Nxe4 4. Bd3 d5 5. Nxe5 Bd6 6. O-O O-O 7. c4 Bxe5 8.
dxe5 {Miami letzter Buchzug} Nc6 9. cxd5 Qxd5 {Milano letzter Buchzug} 10. Bc2
$146 ({RR} 10. Qf3 Bf5 ({RR} 10... f5 11. exf6 Nxf6 12. Qxd5+ Nxd5 13. Bc4 Be6
14. Nc3 ({RR} 14. Rd1 Nce7 15. Nc3 c6 16. Bg5 Bf7 17. Ne4 Nf5 18. g4 Rae8 19.
Bxd5 Bxd5 20. Nc3 Ne7 21. Re1 Ng6 22. Nxd5 cxd5 23. Rxe8 Rxe8 24. Rd1 Re5 25.
Be3 a6 26. Kg2 Kf7 27. Kf3 Ne7 28. Bd4 Re4 {
Gufeld,E-Mikenas,V/Tallinn 1965/URS-ch/1/2-1/2 (41)} {RR} 29. Bc5 Ra4 30. a3
Ra5 31. Bxe7 Kxe7 32. Rc1 Kd7 33. Ke3 Rb5 34. b4 Rb6 35. f4 Re6+ 36. Kd3 Re4
37. Rf1 Kd6 38. h3 a5 39. bxa5 Ra4 40. Rb1 Rxa3+ 41. Kd4 Ra4+ {
1/2-1/2 Gufeld,E-Mikenas,V/Tallinn 1965/URS-ch (41)}) 14... Nf4 15. Bxe6+ Nxe6
16. Be3 Rfd8 17. Rfd1 Kf7 18. Kf1 a6 19. Ne4 Rxd1+ 20. Rxd1 Rd8 21. Rxd8 Ncxd8
22. g4 Nc6 23. f4 g6 24. Ke2 Nb4 25. a3 {
Malisauskas,V-Pavlovicius,V/Vilnius 2000/CBM 75 ext/1-0 (42)} {RR} Nd5 26. Kf3
b6 27. Nc3 Nxc3 28. bxc3 Nd8 29. Ke4 Ke7 30. f5 gxf5+ 31. gxf5 Kf6 32. h4 Nb7
33. Bg5+ Kf7 34. Kd5 Nd6 35. Kc6 Nb5 36. Bc1 Nxc3 37. Kxc7 Na4 38. Kb7 a5 39.
Kc6 Kf6 40. Be3 {Malisauskas,V-Pavlovicius,V/Vilnius 2000/CBM 75 ext/1-0 (42)})
11. Qxf5 Qxd3 12. Nc3 Nc5 13. Qxd3 ({RR} 13. Qh5 Rfe8 14. Be3 ({RR} 14. Re1 Qc4
15. Bd2 Nd3 16. Re4 Rxe5 17. Qxh7+ Kxh7 18. Rxc4 Rd8 19. Be3 Nxb2 20. Rh4+ Kg8
21. Rb1 Rd3 22. Rxb2 Rxc3 23. g3 b6 24. Rd2 f6 25. Kg2 Kf7 26. Rh8 Re8 27. Rh5
Ne5 28. Bf4 Nd3 {Gruzmann,B-Dvoretzky,M/Moscow 1974/EXT 2001/0-1 (34)} {RR} 29.
Be3 c6 30. g4 Ne5 31. h3 Re7 32. Rd8 Rc2 33. Rhh8 Ng6 34. Rhg8 {
0-1 Gruzmann,B-Dvoretzky,M/Moscow 1974/EXT 2001 (34)}) 14... Rxe5 15. Qg4 Na6
16. Rad1 Qg6 17. Qc4 Rh5 18. Nd5 Qe6 19. Qb5 Nab4 20. Ne7+ Qxe7 21. Qxh5 Nxa2
22. Rfe1 Qb4 23. Qd5 Qxb2 24. Bc1 Qf6 25. Qxa2 h6 26. Bb2 Qf5 27. Qb3 {
1-0 Dalaklis,G-Vourtsas,A/Halkidiki 2002/CBM 89 ext}) 13... Nxd3 14. f4 Rad8
15. b3 Nxc1 16. Raxc1 Rd2 17. Rf2 Rfd8 18. Rc2 Rxc2 19. Rxc2 Nd4 20. Rc1 Ne6
21. g3 Rd2 22. Ne4 Re2 23. Nc5 Nxc5 24. Rxc5 c6 {
Blake,J-Drewitt,J/Weston 1924/EXT 99/1/2-1/2} {RR} 25. a4 Rb2 26. Rc3 {
1/2-1/2 Blake,J-Drewitt,J/Weston 1924/EXT 99}) 10... Qxe5 11. Re1 f5 12. Nd2
Be6 13. Nxe4 fxe4 14. Bxe4 Qc5 15. Be3 Qb5 16. Qc2 Bf5 17. Bxf5 Rxf5 18. a4 Qd5
19. Rad1 Qf7 20. Bc5 Rf4 21. b3 Re8 22. Rxe8+ Qxe8 23. Kf1 Qh5 24. h3 Qe8 25.
Rd3 a6 26. Rd1 a5 27. Rd3 Qg6 28. Ba3 Qe6 29. Bb2 Re4 30. Qc3 Qf7 31. Rf3 Qd7
32. Re3 Rxe3 33. fxe3 Qf7+ 34. Kg1 Kf8 35. e4 Qg6 36. e5 Kf7 37. Kf2 Ke8 38. g4
Qe4 39. Qc4 Qxc4 40. bxc4 Nd8 41. Bd4 Kd7 42. Kg3 b6 43. Kf3 Nf7 44. Kf4 g6 45.
g5 c5 46. Bc3 Ke7 47. h4 Ke6 48. Ba1 h6 49. Bb2 hxg5+ 50. hxg5 Kd7 51. Bc3 Ke7
52. Ba1 Ke8 53. Kg4 Kd7 54. Bb2 Ke7 55. Bc3 Ke6 56. Kf4 Ke7 57. Be1 Ke6 58. Bc3
Ke7 {Remis wg. 3-facher Stellungswiederholung, 26:08 - 26:07} 1/2-1/2

[Event "30/move"]
[Site "?"]
[Date "2006.03.31"]
[Round "17"]
[White "Mephisto Milano"]
[Black "Mephisto Miami"]
[Result "1/2-1/2"]
[WhiteElo "2010"]
[BlackElo "1966"]
[PlyCount "110"]
[EventDate "2006.03.31"]
[EventType "tourn (rapid)"]
[EventRounds "20"]
[EventCountry "NED"]
[SourceDate "2006.03.12"]

1. e4 e5 2. Nf3 Nf6 3. Nxe5 d6 4. Nf3 Nxe4 5. d4 d5 6. Bd3 Be7 7. O-O Nc6 {
Miami letzter Buchzug} 8. c4 Nf6 9. cxd5 {Milano letzter Buchzug} Nb4 $146 ({RR
} 9... Nxd5 10. Nc3 ({RR} 10. h3 Be6 11. Nc3 Bf6 ({RR} 11... h6 12. Qe2 Qd7 13.
Bb5 Bf6 14. Ne4 O-O-O 15. Be3 Nxe3 16. fxe3 Qd5 17. Nc5 Nb8 18. Rfd1 Qh5 19.
Rac1 Rd6 20. e4 Bxd4+ {
1-0 Larios Crespo,M-Bernabe Monteagudo,F/Almeria 1989/EXT 97}) 12. Ne4 Bxd4 13.
Nxd4 Nxd4 14. Qa4+ Nc6 15. Nc5 Qc8 16. Re1 O-O 17. Nxe6 fxe6 18. Qh4 g6 19. Bg5
Qd7 20. Rad1 Qf7 21. Bc4 Kh8 22. Rd3 Ncb4 23. Rf3 Qd7 24. Rg3 Qf7 {
Rainfray,A-Milliet,S/Hyeres 2002/EXT 2003/1-0 (36)} {RR} 25. Qd4+ Qg7 26. Qd2
Qf7 27. h4 c5 28. Bh6 Rg8 29. Rf3 Qd7 30. Qg5 Qd6 31. Rf7 Rae8 32. a3 Nc2 33.
Bxd5 exd5 34. Bg7+ Rxg7 35. Rxe8+ Rg8 36. Qh6 {
1-0 Rainfray,A-Milliet,S/Hyeres 2002/EXT 2003 (36)}) ({RR} 10. Bb5 Bg4 11.
Bxc6+ bxc6 12. a3 O-O 13. Qd3 f6 14. Nc3 Bd6 15. h3 Bh5 16. Nh4 g5 17. Nf5 Re8
18. Nxd6 Qxd6 19. Nxd5 Be2 20. Qf5 cxd5 21. Re1 Bd3 22. Bf4 Bxf5 23. Bxd6 cxd6
24. Rec1 Re2 {Suarez Montousse,A-Lanza Garcia,M/Asturias 1986/EXT 2002/0-1 (41)
} {RR} 25. Rc6 Rd8 26. Ra6 Bd3 27. Rxa7 Rxb2 28. Re1 Re2 29. Rxe2 Bxe2 30. a4
Bc4 31. a5 Rb8 32. Rd7 Ra8 33. Rxd6 Kg7 34. g3 Rxa5 35. f4 gxf4 36. gxf4 Ra2
37. Rd7+ Kh6 38. Re7 Rd2 39. f5 Rxd4 {
Suarez Montousse,A-Lanza Garcia,M/Asturias 1986/EXT 2002/0-1 (41)}) 10... Bg4 (
{RR} 10... Be6 11. a3 O-O 12. Qc2 h6 13. Bf5 Qd7 14. Bxe6 Qxe6 15. Re1 Nxd4 16.
Rxe6 Nxc2 17. Nxd5 fxe6 18. Nxe7+ Kf7 19. Rb1 Kxe7 20. Bd2 c5 21. Rc1 Nd4 22.
Nxd4 cxd4 23. Bb4+ Kd7 24. Bxf8 Rxf8 25. Rd1 {
Tringali,G-Fresneda,F/Buenos Aires 2003/EXT 2004/0-1 (47)} {RR} e5 26. Kf1 Kd6
27. Ke2 Rc8 28. Kd3 Kd5 29. Re1 Re8 30. Re4 g5 31. h4 Rf8 32. f3 Rf4 33. hxg5
hxg5 34. Re1 g4 35. Rf1 a6 36. Rf2 g3 37. Re2 Rh4 38. Re1 Rh2 39. Re2 Rh1 40.
Kd2 {Tringali,G-Fresneda,F/Buenos Aires 2003/EXT 2004/0-1 (47)}) 11. Bc4 Nb6
12. Bb5 O-O 13. Bxc6 bxc6 14. Qd3 Bf6 15. Qe4 Bxf3 16. Qxf3 Nd5 17. Rd1 Rb8 18.
b3 Re8 19. Bb2 Nxc3 20. Qxc3 Qd5 21. Rac1 Re6 22. Qg3 Qd6 23. Qxd6 Rxd6 24. Ba3
{Medinus,C-Elson,J/Cable Match 1905/EXT 2002/1/2-1/2} {RR} Rxd4 25. Rxd4 Bxd4
26. Rxc6 Bb6 {1/2-1/2 Medinus,C-Elson,J/Cable Match 1905/EXT 2002}) 10. Bb5+
Bd7 11. Bxd7+ Qxd7 12. Ne5 Qxd5 13. Nc3 Qa5 14. Bf4 O-O 15. Qd2 Rfe8 16. a3
Nbd5 17. b4 Qb6 18. Nc4 Qc6 19. Nxd5 Nxd5 20. Ne5 Qa4 21. Rfe1 a5 22. bxa5 c5
23. Rad1 c4 24. Rb1 c3 25. Qa2 Qxd4 26. Bg3 Qd2 27. Re2 Qxa2 28. Rxa2 Rec8 29.
Rc2 Bxa3 30. Nd3 Rxa5 31. Rxb7 Be7 32. Rd7 Rd8 33. Rxd8+ Bxd8 34. Kf1 Bf6 35.
Bd6 Ra1+ 36. Ke2 Ra6 37. Bc5 h6 38. Nb4 Nf4+ 39. Kf3 Ra5 40. Bd6 Ng6 41. Ke4
Ne7 42. Bxe7 Bxe7 43. Nd5 f5+ 44. Kd4 Bc5+ 45. Ke5 g6 46. Rxc3 Bxf2 47. Rc8+
Kg7 48. Rc7+ Kh8 49. Rc8+ Kh7 50. Rc7+ Kg8 51. Rc8+ Kf7 52. Rc7+ Kf8 53. Rc8+
Kg7 54. Rc7+ Kf8 55. Rc8+ Kg7 {
Remis wg. 3-facher Stellungswiederholung, 26:16 - 24:51} 1/2-1/2

[Event "30/move"]
[Site "?"]
[Date "2006.03.31"]
[Round "18"]
[White "Mephisto Miami"]
[Black "Mephisto Milano"]
[Result "1/2-1/2"]
[WhiteElo "1966"]
[BlackElo "2010"]
[PlyCount "201"]
[EventDate "2006.03.31"]
[EventType "tourn (rapid)"]
[EventRounds "20"]
[EventCountry "NED"]
[SourceDate "2006.03.12"]

1. e4 c6 2. d4 d5 3. exd5 cxd5 4. c4 Nf6 5. Nc3 {Miami letzter Buchzug} Nc6 {
Milano letzter Buchzug} 6. cxd5 Nxd5 7. Bb5 e6 ({RR} 7... Nxc3 8. bxc3 Qa5 9.
Qb3 e6 10. Nf3 Bd7 11. O-O Be7 12. d5 exd5 13. Re1 h6 14. Bxc6 bxc6 15. Ba3 c5
16. Qxd5 Rc8 17. Ng5 Be6 18. Nxe6 fxe6 19. Qxe6 Rc7 20. Rab1 {
1-0 Hassan,S-El Amary,K/Cairo 2003/CBM 94 ext}) 8. Qa4 $146 ({RR} 8. Nf3 a6 ({
RR} 8... Be7 9. O-O ({RR} 9. Ne5 Bd7 10. Nxd7 Qxd7 11. Qg4 Nf6 12. Qf3 O-O 13.
O-O Rfd8 14. Bxc6 Qxc6 15. Qxc6 bxc6 16. Be3 Nd5 17. Nxd5 Rxd5 18. Rfc1 Bf6 19.
Rxc6 Bxd4 20. Bxd4 Rxd4 21. Rac1 g6 22. g3 Rd2 23. R1c2 Rxc2 {
Wydryck,R-Sorensen,D/Detroit 1992/EXT 2003/1-0 (54)} {RR} 24. Rxc2 Rb8 25. b3
Rb7 26. Kf1 Kg7 27. Ke2 Rd7 28. Rc3 Kf6 29. Ke3 Ke5 30. Rc5+ Kf6 31. b4 Ke7 32.
a4 Rb7 33. b5 Kd6 34. Kd4 Rb6 35. g4 f6 36. a5 Rb7 37. Rc6+ Kd7 38. Kc5 Ke7 {
Wydryck,R-Sorensen,D/Detroit 1992/EXT 2003/1-0 (54)}) 9... O-O {
1/2-1/2 Zivkovic,Z-Fette,M/Budapest 1990/EXT 97}) 9. Bxc6+ bxc6 10. Ne4 Nf6 11.
Qc2 Bb4+ 12. Bd2 Bxd2+ 13. Nexd2 Qd5 14. O-O O-O 15. Nb3 Bd7 16. Ne5 {
1/2-1/2 Lischnig,H-Scheffner,A/Lienz 1988/EXT 97}) 8... Bd7 9. Nge2 Nb6 10. Qd1
a6 11. Bd3 Bd6 12. Ne4 Bb4+ 13. Bd2 Bxd2+ 14. Qxd2 O-O 15. Nc5 Qc7 16. Rc1 Rfe8
17. Be4 Nd5 18. O-O Rac8 19. Bxd5 exd5 20. Nf4 Bf5 21. h3 Rcd8 22. Rfe1 Qc8 23.
Rxe8+ Rxe8 24. Qc3 b6 25. Na4 Nxd4 26. Qd2 Qb8 27. Qxd4 Re4 28. Qxb6 Qxb6 29.
Nxb6 Rxf4 30. Nxd5 Re4 31. Rc6 Be6 32. Rxa6 Bxd5 33. Rd6 Kf8 34. Rxd5 Re1+ 35.
Kh2 Re2 36. Kg3 Rxb2 37. a4 Rb3+ 38. f3 Rb8 39. a5 Ra8 40. Kf4 Ke7 41. Kf5 g6+
42. Ke5 f6+ 43. Ke4 f5+ 44. Kd4 h5 45. g4 fxg4 46. fxg4 hxg4 47. hxg4 Ra6 48.
Rc5 Kd6 49. Rb5 Ke7 50. Ke4 Kd7 51. Ke5 Kc7 52. Rd5 Ra7 53. Kf6 Ra6+ 54. Ke7
Kb7 55. Rc5 Ra7 56. Kf6 Ra6+ 57. Kg7 Rd6 58. Kh6 Rd4 59. g5 Rd6 60. Kg7 Ra6 61.
Kf7 Kb8 62. Ke7 Kb7 63. Kd7 Kb8 64. Re5 Kb7 65. Rb5+ Ka7 66. Kc7 Ka8 67. Rd5
Ka7 68. Re5 Ka8 69. Rb5 Ra7+ 70. Kb6 Rb7+ 71. Kc6 Re7 72. Rd5 Ka7 73. Kb5 Rb7+
74. Ka4 Re7 75. Kb4 Rb7+ 76. Rb5 Re7 77. Rc5 Kb7 78. Kb5 Re6 79. Rd5 Kb8 80. a6
Ka8 81. Rd8+ Ka7 82. Rd7+ Kb8 83. Rb7+ Ka8 84. Rc7 Re8 85. Rc6 Ka7 86. Rc5 Rc8
87. Re5 Re8 88. Rd5 Re6 89. Rd7+ Kb8 90. Rf7 Re5+ 91. Kb6 Re6+ 92. Ka5 Re5+ 93.
Ka4 Rxg5 94. a7+ Ka8 95. Kb4 Rg2 96. Kb5 Ra2 97. Kb6 Rb2+ 98. Ka6 Ra2+ 99. Kb6
Rb2+ 100. Ka6 Ra2+ 101. Kb6 {Remis wg. 3-facher Zugwiederholung, 47:38 - 48:01}
1/2-1/2

[Event "30/move"]
[Site "?"]
[Date "2006.03.31"]
[Round "19"]
[White "Mephisto Milano"]
[Black "Mephisto Miami"]
[Result "0-1"]
[WhiteElo "2010"]
[BlackElo "1966"]
[PlyCount "160"]
[EventDate "2006.03.31"]
[EventType "tourn (rapid)"]
[EventRounds "20"]
[EventCountry "NED"]
[SourceDate "2006.03.12"]

1. c4 e5 2. Nc3 Nf6 3. Nf3 Nc6 4. g3 Bb4 5. Bg2 O-O 6. O-O e4 {
Miami letzter Buchzug} 7. Ne1 Bxc3 8. dxc3 {Milano letzter Buchzug} Re8 9. Bg5
h6 10. Be3 $146 ({RR} 10. Bxf6 Qxf6 11. Nc2 d6 12. Ne3 Qd8 ({RR} 12... Re6 13.
Qd2 Qg5 14. Rfe1 Re8 15. Rad1 Bf5 16. f4 exf3 17. exf3 Be6 18. f4 Qc5 19. b4
Qb6 20. Qf2 Ne7 21. f5 Nxf5 22. c5 dxc5 23. Nxf5 cxb4 24. Nd4 Bc4 25. cxb4 Qxb4
26. Nc2 Rxe1+ 27. Rxe1 {
Petrosian,T-Kortschnoj,V/Tbilisi 1976/EXT 2001/1/2-1/2 (114)} {RR} Qb6 28. Ne3
Re8 29. Bxb7 Bxa2 30. Qxa2 Qxb7 31. Kf2 Qb6 32. Qc4 a5 33. Qc3 a4 34. Rc1 Re6
35. Qc5 h5 36. Rc4 Qxc5 37. Rxc5 Rb6 38. Rxh5 Rb2+ 39. Kf3 a3 40. h4 a2 41. Ra5
g6 42. Nd5 {Petrosian,T-Kortschnoj,V/Tbilisi 1976/EXT 2001/1/2-1/2 (114)}) ({RR
} 12... Bf5 13. f4 Qe6 14. Qd2 ({RR} 14. Qd5 Qxd5 15. cxd5 Ne7 16. Rad1 Rad8
17. Rd4 Bd7 18. Bxe4 Nc8 19. Nc4 c5 20. dxc6 bxc6 21. Bf3 c5 22. Rd2 Bb5 23.
Na5 Nb6 24. b3 d5 25. Nb7 Rd7 26. Nxc5 Rc7 27. b4 Nc4 28. Rd4 Ne3 {
Scheipl,R-Seitz,M/Bayern 1995/EXT 99/1-0 (43)} {RR} 29. Rc1 Bc4 30. Rd2 g5 31.
h3 f5 32. Nd3 g4 33. hxg4 fxg4 34. Bh1 Nf5 35. Kf2 Re3 36. Ne5 h5 37. Nxc4 dxc4
38. Rd5 Rce7 39. Rxf5 Rxe2+ 40. Kf1 R2e3 41. Rg5+ Kf7 42. Rxh5 Kf6 43. Re5 {
1-0 Scheipl,R-Seitz,M/Bayern 1995/EXT 99 (43)}) 14... Ne7 15. Rad1 Qc8 16. Rf2
g6 17. Qe1 h5 18. Qf1 Kg7 19. Rd4 Ng8 20. h3 Nf6 21. Kh2 Qe6 22. Qd1 Rh8 23.
Rf1 Rae8 24. Rh1 h4 25. g4 Bxg4 26. Nd5 Nxd5 27. cxd5 {
Hardicsay,P-Lindgren,F/Budapest 2000/CBM 77 ext/0-1 (62)} {RR} Qf6 28. Rf1 Bf5
29. e3 Qe7 30. Ra4 a6 31. Qd4+ f6 32. Qa7 g5 33. Rb4 g4 34. Rxb7 g3+ 35. Kg1
Rc8 36. Qd4 Qd7 37. c4 Bxh3 38. f5 Bxg2 39. Kxg2 Rhe8 40. c5 Qf7 41. cxd6 Qh5
42. Qd1 {Hardicsay,P-Lindgren,F/Budapest 2000/CBM 77 ext/0-1 (62)}) 13. Qc2 f5
14. Nd5 Be6 15. b3 Bxd5 16. cxd5 Ne5 17. f3 exf3 18. exf3 Qf6 19. f4 Ng4 20.
Rfe1 Re3 21. Rxe3 Nxe3 22. Qd2 Nxg2 23. Kxg2 Re8 24. Re1 Qf7 {
Bossy,A-Boemelburg,J/Sueder 1996/EXT 2001/1/2-1/2} {RR} 25. Rxe8+ Qxe8 26. Kf2
Qe4 27. c4 Qh1 28. Ke3 Qb1 29. Kf2 {
1/2-1/2 Bossy,A-Boemelburg,J/Sueder 1996/EXT 2001}) 10... Ng4 11. Bd4 e3 12. f4
b6 13. Bf3 Nf2 14. Qc1 Ba6 15. Bxe3 Ne4 16. Bxe4 Rxe4 17. b3 Qe7 18. Ng2 Re8
19. Rf3 Bb7 20. Rb1 Nd8 21. Rb2 Re6 22. f5 Re5 23. f6 gxf6 24. Bxh6 Bxf3 25.
exf3 Qc5+ 26. Kh1 Qc6 27. Qf4 Kh7 28. g4 f5 29. g5 f6 30. gxf6 Qxf6 31. Bg5 Qh8
32. Rd2 d6 33. Qh4+ Kg6 34. Bxd8 Rxd8 35. f4 Rc5 36. Qg5+ Kf7 37. Re2 Re8 38.
Rxe8 Kxe8 39. b4 Rxc4 40. Qxf5 Qxc3 41. Qe6+ Kd8 42. h4 Qxb4 43. h5 Qb1+ 44.
Kh2 Re4 45. Qf7 Re7 46. Qg8+ Re8 47. Qf7 Re2 48. Qg8+ Kd7 49. Qg4+ Re6 50. f5
Re4 51. Qf3 Re5 52. f6 Qf5 53. Nf4 Qxf6 54. Kh3 d5 55. Qg4+ Kd6 56. Qg3 c5 57.
Nd3 Qf5+ 58. Kg2 Qe4+ 59. Kh2 Qe2+ 60. Kg1 Qe3+ 61. Qxe3 Rxe3 62. Nf4 {
Milano gibt auf} Rf3 63. Ne2 Rh3 64. Nf4 Rh4 65. Ne2 Rxh5 66. Nc3 Rh7 67. Kf1
d4 68. Ne4+ Ke5 69. Nd2 Rh1+ 70. Kf2 Ra1 71. a3 Kd5 72. Kf3 c4 73. a4 c3 74.
Nb3 Rb1 75. Kf2 Rxb3 76. Ke2 Rb2+ 77. Ke1 Rd2 78. a5 bxa5 79. Kf1 c2 80. Ke1
c1=Q# {36:51 - 34:36} 0-1

[Event "30/move"]
[Site "?"]
[Date "2006.03.31"]
[Round "20"]
[White "Mephisto Miami"]
[Black "Mephisto Milano"]
[Result "0-1"]
[WhiteElo "1966"]
[BlackElo "2010"]
[PlyCount "110"]
[EventDate "2006.03.31"]
[EventType "tourn (rapid)"]
[EventRounds "20"]
[EventCountry "NED"]
[SourceDate "2006.03.12"]

1. e4 e5 2. Nf3 Nc6 3. Bc4 Bc5 4. d3 Nf6 5. Nc3 d6 6. Bg5 h6 7. Bxf6 Qxf6 8.
Nd5 {Miami letzter Buchzug} Qd8 {Milano letzter Buchzug} ({RR} 8... Qg6 9. Qe2
Bb6 10. O-O-O Be6 11. Kb1 O-O 12. Nh4 Qg5 13. g3 Nd4 14. Qf1 c6 15. f4 exf4 16.
Nxf4 Bxc4 17. dxc4 Rae8 18. c3 Ne6 19. Nf5 Bc7 20. h4 Qg4 21. Rg1 Nc5 22. Nxd6
Bxd6 23. Rxd6 {
Rodriguez Castineiras,J-Amin,B/Dos Hermanas 2003/EXT 2004/0-1 (43)} {RR} Nxe4
24. Rd4 c5 25. Rd3 Rd8 26. Nd5 Rfe8 27. Ka1 Rd6 28. Rg2 Rde6 29. Rg1 Nxg3 30.
Qb1 Qxc4 31. Rdxg3 Qxd5 32. Rxg7+ Kf8 33. a3 Qe5 34. Qh7 Qf6 35. Rg8+ Ke7 36.
R8g2 Kd7 37. Qd3+ Kc8 38. Qc4 {
Rodriguez Castineiras,J-Amin,B/Dos Hermanas 2003/EXT 2004/0-1 (43)}) 9. Bb5
$146 ({RR} 9. O-O Bg4 ({RR} 9... O-O 10. c3 Be6 11. d4 exd4 12. cxd4 Bb6 13.
Nxb6 axb6 14. Bxe6 fxe6 {
1/2-1/2 Le Thi Mai-Nguyen T My,H/Ho Chi Minh 2001/EXT 2004}) 10. b3 Nd4 11. Ne3
Nxf3+ 12. gxf3 Bh3 13. Bb5+ c6 14. b4 Bd4 15. Ba4 Qg5+ 16. Kh1 Bxe3 17. fxe3
Qg2# {0-1 Cavalier,V-Lagunes,M/St Chely d'Aubrac 2003/CBM 95 ext}) ({RR} 9. Ne3
Bd7 10. O-O Bxe3 11. fxe3 Qe7 12. d4 exd4 13. exd4 Qxe4 14. Qd3 Qxd3 15. Bxd3
O-O-O 16. Rae1 Rde8 17. Rxe8+ Rxe8 18. Bc4 Be6 19. Nd2 Bxc4 20. Nxc4 Nxd4 21.
Rxf7 Nxc2 22. Rxg7 Rf8 23. Rh7 Nd4 {
Vokroj,M-Buchner,J/Austria 2001/EXT 2003/0-1 (55)} {RR} 24. Nd2 Ne2+ 25. Kh1
Rf6 26. h3 d5 27. Re7 Ng3+ 28. Kh2 Nf5 29. Re5 d4 30. Ra5 a6 31. Rd5 c6 32. Ne4
cxd5 33. Nxf6 d3 34. Nxd5 d2 35. Nc3 Ne3 36. g4 d1=Q 37. Nxd1 Nxd1 38. Kg3 Kd8
{Vokroj,M-Buchner,J/Austria 2001/EXT 2003/0-1 (55)}) 9... O-O 10. O-O Bg4 11.
Bxc6 bxc6 12. Ne3 Bxe3 13. fxe3 Rb8 14. b3 f5 15. h3 fxe4 16. hxg4 exf3 17.
gxf3 Qh4 18. c4 Qg3+ 19. Kh1 Rf7 20. Qe2 Rbf8 21. f4 exf4 22. exf4 Rxf4 23.
Rxf4 Rxf4 24. Rg1 Qh4+ 25. Qh2 Rxg4 26. Rxg4 Qxg4 27. Qd2 Qh5+ 28. Kg2 Qg5+ 29.
Qxg5 hxg5 30. Kf3 Kf7 31. d4 Kf6 32. Kg4 a5 33. a3 Kg6 34. c5 Kf6 35. b4 axb4
36. axb4 Ke6 37. Kxg5 Kd5 38. Kg6 Kxd4 39. Kf5 d5 40. Kg6 Ke4 41. Kf7 g5 42.
Ke6 d4 43. Kd7 g4 44. Kxc6 g3 45. Kxc7 g2 46. b5 g1=Q 47. b6 Qg7+ 48. Kc6 Qf8
49. b7 Qd8 50. Kb5 d3 51. c6 d2 52. c7 Qxc7 53. b8=Q Qxb8+ 54. Kc4 d1=Q 55. Kc5
Qc2# {25:34 - 23:16} 0-1

[Event "30/move"]
[Site "?"]
[Date "2006.03.31"]
[Round "1"]
[White "Mephisto Modena"]
[Black "Mephisto Miami"]
[Result "0-1"]
[WhiteElo "1983"]
[BlackElo "1966"]
[PlyCount "88"]
[EventDate "2006.03.31"]
[EventType "tourn (rapid)"]
[EventRounds "20"]
[EventCountry "NED"]
[SourceDate "2006.03.12"]

1. e4 e5 2. Nc3 Nf6 3. Bc4 Nc6 4. d3 Bb4 5. Nf3 d6 6. O-O Bxc3 7. bxc3 Na5 8.
Bb3 Nxb3 ({RR} 8... c6 9. h3 h6 10. Re1 O-O 11. d4 Qc7 12. Nh4 Kh7 13. Qf3 Nxb3
14. axb3 d5 15. Ba3 dxe4 16. Rxe4 Nxe4 17. Bxf8 Ng5 18. Qg3 Qd8 19. Bxg7 Kxg7
20. dxe5 Kh8 21. f4 Ne4 22. Qe1 Nxc3 23. f5 {
Gdanski,J-Kogan,A/Biel 1994/CBM 42/1/2-1/2 (32)}) 9. cxb3 {
Modena letzter Buchzug} O-O $146 {Miami letzter Buchzug} ({RR} 9... Bg4 10. h3
Bh5 11. Re1 h6 12. d4 Nd7 13. Qd3 Qf6 14. Nd2 g5 15. Bb2 g4 16. hxg4 Bxg4 17.
Qg3 Bh5 18. Qh2 Qg5 19. Bc1 Bg6 20. Nc4 Qf6 21. f3 Qe6 22. Bg5 f6 23. Be3 a6
24. Qg3 {Comp Chessmaster 6000-Menyhart,T/Debrecen 1999/EXT 2001/0-1 (87)}) ({
RR} 9... c5 10. c4 h6 11. h3 Be6 12. b4 Nd7 13. b5 g5 14. g4 Nf8 15. Ne1 Ng6
16. Ng2 Nf4 17. Nxf4 gxf4 18. Kh2 h5 19. g5 Qxg5 20. Rg1 Qh4 21. Qf1 Ke7 22.
Qg2 Rag8 {0-1 Schwehm,C-Neu,P/Griesheim 2003/EXT 2004}) 10. Re1 Qe7 11. a3 Bg4
12. h3 Bd7 13. Bg5 h6 14. Bh4 Bc6 15. d4 Rfe8 16. d5 Bd7 17. Qe2 a6 18. Rad1
Bc8 19. Qc4 Ra7 20. Bxf6 gxf6 21. Qe2 b6 22. Qe3 Kh7 23. Nh4 Rg8 24. c4 Ra8 25.
Kh2 b5 26. Qf3 bxc4 27. Nf5 Bxf5 28. Qxf5+ Rg6 29. bxc4 Rag8 30. Re3 Rb8 31.
Rf3 Rb2 32. Qc8 a5 33. Qa6 Re2 34. c5 Rxe4 35. cxd6 Qxd6 36. Qxa5 c5 37. Rc1 c4
38. Rfc3 Rf4 39. Kg1 Qd7 40. Rxc4 Qxh3 41. g3 Rxg3+ 42. fxg3 Qxg3+ 43. Kh1 Rf2
44. Rd1 {Modena gibt auf} Qh2# {??:?? - 17:44} 0-1

[Event "30/move"]
[Site "?"]
[Date "2006.03.31"]
[Round "2"]
[White "Mephisto Miami"]
[Black "Mephisto Modena"]
[Result "1/2-1/2"]
[WhiteElo "1966"]
[BlackElo "1983"]
[PlyCount "50"]
[EventDate "2006.03.31"]
[EventType "tourn (rapid)"]
[EventRounds "20"]
[EventCountry "NED"]
[SourceDate "2006.03.12"]

1. d4 Nf6 2. Nf3 e6 3. c4 b6 4. a3 d5 {Modena letzter Buchzug} 5. Nc3 {
Miami letzter Buchzug} Be7 6. cxd5 exd5 7. Bg5 ({RR} 7. g3 O-O 8. Bg2 h6 9. O-O
Bb7 10. Bf4 c5 11. Ne5 Na6 12. Rc1 Re8 13. Nb5 Bf8 14. g4 Re6 15. e3 Qe8 16.
Nc3 Ne4 17. Nd3 cxd4 18. exd4 Rc8 19. Qb3 Nxc3 20. Rxc3 g5 21. Bg3 Rxc3 {
Ionescu,C-Kurajica,B/Debrecen 1992/EU-chT/1/2-1/2}) ({RR} 7. Bf4 a6 8. Qc2 O-O
9. e3 Bb7 10. Bd3 c5 11. dxc5 bxc5 12. Rd1 Nbd7 13. O-O Re8 14. Be2 Bf8 15. Rd2
h6 16. h3 Qb6 17. Rfd1 Rac8 18. Qb1 Bd6 19. Bxd6 Qxd6 20. Qc2 Qe6 21. Qb3 Rb8 {
Sinagra,R-Aguila,G/Buenos Aires 2000/EXT 2003/1/2-1/2 (36)}) 7... h6 8. Bh4
$146 ({RR} 8. Bxf6 Bxf6 9. e3 O-O 10. Rc1 Bb7 11. b4 c5 12. bxc5 bxc5 13. dxc5
Qa5 14. Qd2 Qxc5 15. Nb5 Qb6 16. Nc7 Bb2 17. Nxa8 Bxc1 18. Nxb6 Bxd2+ 19. Kxd2
axb6 20. Bb5 Rc8 21. Rb1 Bc6 22. Nd4 Kf8 {
Huss,A-Wostin,R/Montana Crans 1976/EXT 2003/1-0 (42)}) 8... Bf5 9. e3 c6 10.
Bd3 Bxd3 11. Qxd3 Nbd7 12. Rc1 O-O 13. O-O Re8 14. Rfe1 Bd6 15. Ne2 c5 16. Ng3
cxd4 17. exd4 Bf4 18. Rxe8+ Qxe8 19. Re1 Qf8 20. Nf5 Re8 21. Rxe8 Qxe8 22. Bg3
Nh5 23. Bh4 Nhf6 24. Bg3 Nh5 25. Bh4 Nhf6 {
Remis wg. 3-facher Zugwiederholung, 11:29 - ??:??} 1/2-1/2

[Event "30/move"]
[Site "?"]
[Date "2006.03.31"]
[Round "3"]
[White "Mephisto Modena"]
[Black "Mephisto Miami"]
[Result "0-1"]
[WhiteElo "1983"]
[BlackElo "1966"]
[PlyCount "76"]
[EventDate "2006.03.31"]
[EventType "tourn (rapid)"]
[EventRounds "20"]
[EventCountry "NED"]
[SourceDate "2006.03.12"]

1. d4 d5 2. c4 c6 3. Nc3 Nf6 4. Bg5 dxc4 {Miami letzter Buchzug} 5. a4 {
Modena letzter Buchzug} Qb6 ({RR} 5... Qa5 6. Bd2 e5 7. Ne4 Bb4 8. Nd6+ Ke7 9.
dxe5 Bxd2+ 10. Qxd2 Qxd2+ 11. Kxd2 Ng4 12. Nf3 Nd7 13. e3 Rd8 14. Ke1 Ndxe5 {
1/2-1/2 Vladimirov,E-Sasikiran,K/Calcutta 2000/CBM 74 ext}) 6. Qd2 ({RR} 6.
Bxf6 Qxb2 7. Rc1 exf6 8. e3 Bb4 9. Nge2 b5 10. Rc2 Qb3 11. Qd2 Bxc3 12. Nxc3 b4
13. Ne4 c3 14. Qc1 O-O 15. Nc5 Qd5 16. Nd3 a5 17. Nf4 Qb3 18. Bd3 Ba6 19. O-O
Bxd3 20. Nxd3 Nd7 {Sebrek,J-Koczo,K/Budapest 2002/CBM 91 ext/0-1 (37)}) 6... c5
$146 ({RR} 6... g6 7. e3 Be6 8. Nf3 Nbd7 9. Qc1 Bg7 10. Nd2 c5 11. Bxf6 Nxf6
12. Ne2 Rc8 13. Nxc4 Qb4+ 14. Nd2 cxd4 15. Qd1 dxe3 16. fxe3 O-O 17. g3 Ng4 18.
e4 Ne3 19. Qb1 {0-1 Nguyen Phuong Vy-Luong Huyen Ngoc/Vung Tau 2000/EXT 2004})
({RR} 6... Nd5 7. e4 Nb4 8. Bxc4 Qxd4 9. Qxd4 Nc2+ 10. Kf1 Nxd4 11. Rd1 e5 12.
Nf3 f6 13. Be3 Nxf3 14. gxf3 Bh3+ 15. Ke2 g5 16. Rhg1 h6 17. a5 Na6 18. b4 Bxb4
19. Na4 Rh7 20. Bxa6 bxa6 21. Nc5 {
Roesler,M-Boehnisch,M/Bad Blankenburg 1990/EXT 2003/0-1 (37)}) ({RR} 6... Qa5
7. e4 b5 8. e5 b4 9. exf6 bxc3 10. bxc3 exf6 11. Be3 Be6 12. Ne2 Nd7 13. Nf4
Bd5 14. Be2 Bd6 15. Nxd5 cxd5 16. O-O O-O 17. Rfb1 Rab8 18. Qc2 g6 19. g4 Qc7
20. h3 Bf4 21. Bxf4 {Auchenberg,P-Pedersen,F/Denmark 1995/EXT 2000/0-1 (41)})
7. dxc5 Qxc5 8. e4 Nc6 9. Nf3 Bg4 10. Be3 Qh5 11. Nd4 Rd8 12. f3 Bxf3 13. gxf3
e5 14. Nxc6 Rxd2 15. Kxd2 bxc6 16. Be2 Qh3 17. Kc2 a6 18. Raf1 Qe6 19. Rhg1 g6
20. Na2 Be7 21. Nc3 O-O 22. Rd1 Qh3 23. Kb1 Rb8 24. Bxc4 Qxf3 25. Rg3 Qh5 26.
Rd2 Bb4 27. Rg5 Qh4 28. Rd3 Bxc3 29. Bxf7+ {Modena gibt auf} Kxf7 30. Rxc3 Nxe4
31. Rc4 Qe1+ 32. Rc1 Qe2 33. Rg2 Qxg2 34. Bb6 Rxb6 35. Rc2 Nc3+ 36. Kc1 Qf1+
37. Kd2 Qf2+ 38. Kd3 Qd4# {??:?? - 13:21} 0-1